banner-ar

BIBLE ANIMALS / (Record no. 11214)

MARC details
000 -الفاتح
حقل البيانات ثابتة الطول 00439nam a2200169Ia 4500
008 - عناصر البيانات ثابتة الطول - معلومات عامة
حقل البيانات ثابتة الطول 140319s9999 xx 000 0 eng d
040 ## - مصدر الفهرسة
وكالة الفهرسة الأصلية GCL /
وكالة النسخ GCL
082 04 - رقم تصنيف ديوى العشرى
رقم التصنيف 220.8590
رقم المادة A B
100 1# - المدخل الرئيسى - إسم شخصى
الإسم الشخصى ANDRE, MARYL
245 10 - بيان العنوان
العنوان BIBLE ANIMALS /
بيان المسئوليه,etc ANDRE, MARYL
260 ## - PUBLICATION, DISTRIBUTION, ETC. (IMPRINT)
تاريخ النشر أو التوزيع 1960
490 ## - بيان السلسلة
عنوان السلسلة MUSEUM STORYBOOK
رقم المجلد/ التعيين التسلسلي 0
650 04 - المدخل الاضافى بالموضوع-مصطلح موضوعى
مصطلح موضوعي ANIMALS
650 04 - المدخل الاضافى بالموضوع-مصطلح موضوعى
مصطلح موضوعي BIBLE ANIMALS
942 ## - عناصر المدخل الإضافي( كوها)
مصدر التصنيف او مخطط الترفيف Dewey Decimal Classification
Koha [default] item type كتاب
260 ## - PUBLICATION, DISTRIBUTION, ETC. (IMPRINT)
-- [S.N] :
-- CHICAGS NATURAL HISTORY MUSEUM ،
Holdings
حالة التراجع حالة الفقد حالة تلف ليس للاعارة المكان المؤقت الموقع الحالى تاريخ الاكتساب اجمالي اﻻعارات رقم الطلب الباركود تاريخ اخر مشاهدة تاريخ تفعيل السعر نوع وعاء كوها
        مكتبة القاهرة الكبرى مكتبة القاهرة الكبرى 03/26/2014   220.8590\A B 22291 03/26/2014 03/26/2014 كتاب

Powered By

EGPV